Cuadernos Sigmund Freud : Escuela Freudiana : el discurso y la fundación /

Contiene trabajos sobre la institución de grados en la Escuela Freudiana de Buenos Aires, sobre la institución psicoanalítica, el análisis didáctico y la enseñanza del psicoanálisis, y la supervisión en psicoanálisis.

I tiakina i:
Ngā taipitopito rārangi puna kōrero
Hōputu: Pukapuka
Reo:Pāniora
I whakaputaina: Buenos Aires, Argentina : Escuela Freudiana de Buenos Aires, 1978, c1978
Ngā marau:
Ngā Tūtohu: Tāpirihia he Tūtohu
Kāore He Tūtohu, Me noho koe te mea tuatahi ki te tūtohu i tēnei pūkete!

MARC

LEADER 00000nam^a2200000^a^4500
001 000111395
005 20250521000000.0
009 20260310093829.914
037 |a Acervo ITESO - Biblioteca 
041 |a ESP 
082 |a 150. 1957  |b CUA V. 5, 6 
245 1 0 |a Cuadernos Sigmund Freud :  |b Escuela Freudiana : el discurso y la fundación /  |c Dir. por O. Masotta. 
264 4 |a Buenos Aires, Argentina :  |b Escuela Freudiana de Buenos Aires,  |c 1978, c1978 
300 |a 178 p. 
336 |a texto  |b txt  |2 rdacontenido 
337 |a sin mediación  |b n  |2 rdamedio 
338 |a volumen  |b nc  |2 rdasoporte 
520 |a Contiene trabajos sobre la institución de grados en la Escuela Freudiana de Buenos Aires, sobre la institución psicoanalítica, el análisis didáctico y la enseñanza del psicoanálisis, y la supervisión en psicoanálisis. 
649 |a XX 
650 |a Postlacanianos 
650 |a Escuela Francesa de Psicoanálisis 
650 |a Instituciones Psicoanalíticas -  |z Buenos Aires, Argentina 
650 |a Supervisión (Psicoanálisis) 
650 |a Psicoanálisis Lacaniano 
650 |a Psicoanálisis Freudiano 
650 |a Psicoanálisis -  |x Estudio y Enseñanza 
650 |a Psicoanálisis -  |x Técnica 
650 |a Psicoanálisis -  |x Teoría 
650 |a Psicoanálisis -  |z Argentina 
910 |a Fondo Armando Suárez Gómez 
920 |a Impresos - Libros 
930 |a Fondos Especiales 
905 |a 111 
901 |a 0700002229  |b IT2  |c ESP  |u 20250521 
902 |a https://opac.biblio.iteso.mx/vufind/Record/000111395